000 00302nam a2200085Ia 4500
245 0 _aTwenty-six ways of looking at a blackberry : how to let writing release the creativity of your brand
100 _a SIMMONS, John London, 2009
_996097
942 _cBK
008 210817s9999 xx 000 0 und d
999 _c402429
_d402428